Echelles de mots * De lundi à mardi - Statistiques

Statistiques générales
  • Ce quiz a été pris 1 339 fois
  • Le résultat moyen est 8 sur 26
Statistiques - réponses
Indice Mot % Correct
1er jour de la semaine Lundi
100%
Langue morte Latin
94%
2e jour de la semaine Mardi
87%
Brogniart Denis
44%
Farfalles par exemple Pates
44%
Monts de sable Dunes
41%
Plus tôt Avant
39%
Avant Noël Avent
39%
Repas Diner
36%
Avare Radin
35%
De Suza Linda
29%
Ne parlent pas Muets
29%
Division du temps Heure
26%
Il passe Temps
26%
Minces Fines
16%
Ralentit Frein
16%
Arbre Hêtre
15%
Roues Pneus
11%
Arrêt Pause
9%
Narines Event
8%
Remis Rendu
6%
Ville brésilienne Natal
4%
Coriza Rhume
4%
Préposition Entre
2%
Fraction du plasma Sérum
2%
Plus loin Infra
0%
Aucun quiz correspondant
Distribution des résultats
% des personnes avec chaque résultat
Percentile par nombre de réponses
Votre historique - résultats
Vous n’avez pas pris ce quiz